Collaborative Working in Construction (Record no. 113848)

MARC details
000 -LEADER
fixed length control field 01714cam a22002295a 4500
001 - CONTROL NUMBER
control field L155817
008 - FIXED-LENGTH DATA ELEMENTS--GENERAL INFORMATION
fixed length control field 120417s2011 xxk f 000 0 eng d
020 ## - INTERNATIONAL STANDARD BOOK NUMBER
International Standard Book Number 9780203840511
035 ## - SYSTEM CONTROL NUMBER
System control number (Sirsi) u155817
041 0# - LANGUAGE CODE
Language code of text/sound track or separate title eng
245 00 - TITLE STATEMENT
Title Collaborative Working in Construction
Medium [electronic resource]
260 ## - PUBLICATION, DISTRIBUTION, ETC.
Name of publisher, distributor, etc. Routledge
Date of publication, distribution, etc. 2011
300 ## - PHYSICAL DESCRIPTION
Extent eBook
505 2# - FORMATTED CONTENTS NOTE
Formatted contents note 1 Introduction -- 2 Collaboration: key concepts -- 3 Planning and Implementation of Effective Collaborative Working in Construction -- 4 Information management and collaboration -- 5 Mobile communications and wireless technologies -- 6 Multidisciplinary Collaborative Design Optimisation -- 7 Change management -- 8 Change management framework -- 9 Collaboration implementation in construction: case studies -- 10 Industry perspective and conclusions
520 ## - SUMMARY, ETC.
Summary, etc. This book provides clear explanations of how to successfully devise and implement a collaboration strategy. The concepts introduced include: collaborative working as a holistic concept in construction a new framework on how to plan and implement effective collaboration change management approaches for introducing collaborative working systems, and implementing new technologies in construction projects Examinations of emerging technologies like mobile and wireless are combined with overviews of relevant management theories, and industry case studies, to provide a comprehensive guide suitable for both practitioners and students.
650 24 - SUBJECT ADDED ENTRY--TOPICAL TERM
Topical term or geographic name entry element EBOOK
651 #4 - SUBJECT ADDED ENTRY--GEOGRAPHIC NAME
Geographic name INTERNATIONAL
690 ## - LOCAL SUBJECT ADDED ENTRY--TOPICAL TERM (OCLC, RLIN)
Topical term or geographic name as entry element Business and management
700 1# - ADDED ENTRY--PERSONAL NAME
Personal name Bouchlaghem, Dino
856 40 - ELECTRONIC LOCATION AND ACCESS
Uniform Resource Identifier <a href="https://www.vlebooks.com/">https://www.vlebooks.com/</a>
Public note View on VLEbooks. Logins for members only from [email protected]
942 ## - ADDED ENTRY ELEMENTS (KOHA)
Suppress in OPAC 0
Holdings
Withdrawn status Lost status Source of classification or shelving scheme Damaged status Not for loan Home library Current library Shelving location Date acquired Total Checkouts Full call number Barcode Date last seen Copy number Price effective from Koha item type
    Dewey Decimal Classification     Virtual Virtual Online 17/04/2012   EBOOK 155817-1001 06/08/2019 1 06/08/2019 Book